| 000 | 00496nam a2200169 i 4500 | ||
|---|---|---|---|
| 001 | 124315 | ||
| 003 | ES-MaACL | ||
| 005 | 20230906192353.0 | ||
| 007 | t| | ||
| 008 | 070529q19401949sp ||||1| spa d | ||
| 100 | 1 |
_aVauterén, Ricardo. _9113325 |
|
| 245 | 1 | 0 |
_aCosas viejas / _cRicardo Vauterén. |
| 260 |
_aValencia : _b[s.n., _c194-?] ( _fTip. Moderna) |
||
| 300 |
_a64 p. : _bil. ; _c27 cm. |
||
| 505 | 8 | _aContiene: VI: Láminas, fascículo primero | |
| 852 |
_aES-MaACL _jB-13829 _bR.23198 |
||
| 999 |
_c124315 _d124315 |
||